000
00310nam a2200109Ia 4500
008
210430s9999 xx 000 0 und d
020
_a
3123-3123-3123
082
_a
891 T176 B
100
_a
Mustansar hussain Tarar
_9
9703
245
_a
Majmoa Mustansar Hussain Tarar
_c
Mustansar hussain Tarar
942
_c
BK
_2
ddc
999
_c
563944
_d
563944